00196nam a2200073Ia 4500082001200000245002100012100004800033008004100081 aAF OLIV 0aVir altyd joune  a OLIVIER, Susan Pretoria, 2010 1. uitg 210817s9999 xx 000 0 und d